000 00456cam a2200193 4500
001 B2049
008 090401t1987 xxu||||| |||| 00| 0 eng d
035 _a(Sirsi) u47794
041 _aeng
050 _a333.3370942393
110 _aChesterton
_92357
245 _aBristol office market review 1987
260 _aLondon
_bChesterton
_c1987
300 _a10p. : ill. ; 30cm.
350 _a15
650 _aOFFICES
942 _n0
948 _c04/03/1997
999 _c92203
_d92203